Movies Quiz

Random Movies or Clickable Quiz
Score 0/20 Timer 10:00
0 Plays Today
% Correct
Jaden Smith
98.2%
Tom Hanks
98.2%
Robert Downey Jr.
97.6%
Harrison Ford
96.7%
Brad Pitt
95.8%
Jennifer Lawrence
95.2%
Laurence Fishburne
95.2%
Jackie Chan
93.9%
Arnold Schwarzenegger
93.3%
Jack Black
92.7%
% Correct
Ben Affleck
90%
Tom Cruise
90%
Will Smith
86.7%
Jonah Hill
83.3%
Leonardo DiCaprio
83.3%
Morgan Freeman
83%
Channing Tatum
79.4%
Steve Guttenberg
76.7%
Nicolas Cage
76.7%
Samuel L. Jackson
70%
Remove Ads.
Support Sporcle.
Get the best of Sporcle when you Go Orange. This ad-free experience offers more features, more stats, and more fun while also helping to support Sporcle. Thank you for becoming a member.

You're not logged in!

Compare scores with friends on all Sporcle quizzes.
OR
Log In

Show Comments

Extras

Created Oct 29, 2013ReportNominate
Tags:Actor Quiz, Clickable Quiz

Top Quizzes Today


Score Distribution

Your Account Isn't Verified!

In order to create a playlist on Sporcle, you need to verify the email address you used during registration. Go to your Sporcle Settings to finish the process.

Report this User

Report this user for behavior that violates our Community Guidelines.

Details: